MDQL
is popping MORE tags! Check the
thread
!
Quizzes
Events
Quiz Creation
Community
Videos
Private Events
Remove Ads
Sign In
Join for FREE
Feedback
Dark Mode
Quiz Categories
Sports
Geography
Music
Movies
Television
Just For Fun
Miscellaneous
History
Literature
Language
Science
Gaming
Entertainment
Religion
Holiday
For Kids
Quiz Lab
Recent
Popular Today
Quiz Kudos Today
Editor Picks
Curator Picks
Quizzes by...
Day
Popularity
Type
Ratings
Length
Year
Community
Subscriptions
Recent Discussions
Orange Saloon
Badges
Playlists
Quests
Create
Leaderboards
Showdown
Live 5
Trivia Bingo
Activity
Puzzle Library
Sporcle Events
Private Events
Virtual Trivia
Globe League
Become a Host
Pub Owners
SporcleCon
Opinionation
Our Games
Videos
Blog
Mobile Apps
Partnerships
Remove Ads and Go Orange
Feedback
Gaming
Video Games
Board Games
Card Games
Pokémon
Mario
Nintendo
Minecraft
Console
Toys
Legend of Zelda
Gaming
Video Games
Board Games
Card Games
Pokémon
Mario
Nintendo
Minecraft
Console
Toys
Legend of Zelda
Random Quiz
Search Sporcle
×
Quiz Lab
Quiz Lab
Gaming
hard
Type in answers that appear in a list
Type in answers that appear in a list
Classic
Best Score? Go Orange.
Btd5 quiz (hard) Stats
Can you beat the Btd5 quiz (hard)?
By
coreyburds
5m
48 Questions
130 Plays
130 Plays
130 Plays
Comments
Comments
Give Quiz Kudos
Give Quiz Kudos
-
- Ratings
hide this ad
Replay
Link that replays current quiz
Next Quiz
Link to next quiz in quiz playlist
You Got
0%
They Got
Avg Score
68%
Avg Friend Score
Upgrade to see
Score Distribution
Jump to the score distribution portion of the page
Score
0/48
Timer
05:00
0
Plays Today
% Correct
Dart Monkey
91.3%
Tack Shooter
85.8%
Super Monkey
84.3%
Ice Tower
83.5%
Red
82.7%
Blue
82.7%
Green
81.1%
Boomerang Thrower
80.3%
Ninja Monkey
80.3%
Yellow
79.5%
Pink
79.5%
Black
79.5%
MOAB
79.5%
Hard
78.7%
White
78.7%
Sniper Monkey
78%
Easy
78%
Bomb Tower
76.4%
Medium
76.4%
Ceramic
76.4%
Spike Factory
75.6%
Lead
75.6%
ZOMG
75.6%
Zebra
73.2%
% Correct
Rainbow
73.2%
Camo
72.4%
Glue gunner
71.7%
BFB
70.9%
Monkey Apprentice
70.1%
Monkey Sub
70.1%
Banana Farm
69.3%
Heli-pilot
69.3%
Monkey Village
68.5%
Regrow
67.7%
Monkey Ace
66.1%
Monkey Buccaneer
64.6%
Dartling Gun
64.6%
Mortar Tower
62.2%
Monkey Engineer
58.3%
Bloonchipper
57.5%
Impoppable
57.5%
Sandbox
57.5%
Deflation
53.5%
Reverse
46.5%
Exploding Pineapple
37%
Road Spikes
32.3%
Mastery
21.3%
Apocaplyse
12.6%
Quiz Playlist
Details
Report
Send in Message
Add To Playlist
Classic:
Type in answers that appear in a list
Last Updated: Mar 23, 2017
Quiz Scoreboard
CHALLENGE
Sign Up to Join the Scoreboard
Show All
Scores
Hide
Comments
May contain spoilers
Recently Published
Holiday 10x10 Sorting Gallery
by lukepisani3
Holiday
15m
Two Season TV Shows II
by 123Four
Television
10m
Image Sorting: Flags VI
by Barbecue
Geography
2m
More to Explore
Quiz From the Vault
Featured Blog Post
14 Easter Pick-up Lines to Find Eggs With
hide this ad
You Might Also Like...
Tags
beat
hard
Today's Top Quizzes in Gaming
Browse Gaming
hide this ad
Today's Top Quizzes in hard
Browse hard
Top Contributed Quizzes in Gaming
1
League of Legends Pro Players by Career/Team History
2
Genshin Impact Logic Puzzle
3
Destiny 2 exotic weapons by perk icons
4
Genshin Impact Logic Puzzle Quiz
5
Genshin murder mystery
6
4x4 Decades: Video Games
7
Who's on the WWE 2K24 Cover?
8
Ultimate Genshin Impact Logic Puzzle (up to 4.3)
9
Dead By Daylight Logic Puzzle
10
Undertale Logic Puzzle
Explore More
Trending Topics
Kpop
Marvel
Crossword
Disney
NBA
Harry Potter
Anime
Pokémon
WWE
Song
Country
NFL
The Office
Soccer
Puzzle
hide this ad
More By:
coreyburds
Quiz
Plays
Rating
Category
Featured
Created
Btd5 quiz (hard)
130
3.50
Gaming
Mar 23, 2017
Yes or No
53
1.67
Just For Fun
Mar 24, 2017
Go to Creator's Profile
Score Distribution
Quiz Creator Spotlight
coreyburds
Follow
Send a Message
Quizzes Created
-
Created Quiz Play Count
-
More By This Creator
Popular Quizzes Today
1
Find the US States - No Outlines Minefield
2
Colored Red Africa Blitz
3
Find the 'City' Movie
4
The Countries of the World
5
5x2 Blitz: Bands
6
Find the US States
7
Find the Countries of Europe - No Outlines Minefield
8
US States
More Gaming Quizzes
Draw Xiao! (Genshin Impact Xiao Trivia Quiz)
Quiz Lab
Trending Quizzes
Colored Red Europe Blitz I
Colored Red Europe Blitz II
Colored Red Africa Blitz II
Colored Red Europe Blitz III
Colored Red Africa Blitz III
Recently Updated
Odd Team Out - Big 4 Players
pecheneg
Quick Pick: 20 Twenties
pecheneg
March Madness Men's Triple Doubles
pecheneg
How Do You Spell That?
pecheneg
Godzilla Movies
pecheneg
Grab Bag: 4-10 Letters
pecheneg
2024 March Madness Bracket
pecheneg
Famous TV Couples
Peacemaker
Champions League XIs: Real Madrid
pecheneg
Largest US Cities 1790-2010
pecheneg
Trending Topics
Crossword
Harry Potter
Anime
NBA
Disney
Marvel
Kpop
Pokémon
Song
Soccer
NFL
The Office
Country
Puzzle
WWE
Your Account Isn't Verified!
In order to create a playlist on Sporcle, you need to verify the email address you used during registration. Go to your
Sporcle Settings
to finish the process.
Report this User
Report this user for behavior that violates our
Community Guidelines
.
Details:
Send Report
Go to the Sporcle.com Mobile Site →
Comments